All Political Parties to Hold a House Seat - Statistics

General Stats
  • This quiz has been taken 124 times
  • The average score is 19 of 40
Answer Stats
First Year in Office Last Year in Office Answer % Correct
1859 1861* Anti-Lecompton Democrat
100%
1837 Present Democrat
100%
1883* 1887* Readjuster
100%
1856 Present Republican
99%
1795 1825 Federalist
87%
1911* 1929* Socialist
82%
1837 1855 Whig
81%
1795 1825 Democratic Republican
80%
2020* 2020* Libertarian
76%
1841* 2021* Independent
73%
1913* 1919* Bull Moose
69%
1845* 1861* Know Nothing
68%
1935* 1947* Wisconsin Progressive
60%
1949* 1951* Liberal
52%
1849* 1855* Free Soil
51%
1939* 1951* American Labor
49%
1891* 1903* Populist
45%
1829* 1841* Anti-Masonic
41%
1979* 1985* New York Conservative
41%
1915* 1921* Prohibition
41%
1839* 1871* Conservative
39%
1879* 1889* Green Back
38%
1825 1837 Jacksonian
34%
1887* 1891* Labor
34%
1863* 1867* Unconditional Unionist
34%
1851* 1867* Unionist
34%
1789 1795 Anti-Administration
33%
1789 1795 Pro-Administration
33%
1871* 1875* Liberal Republican
31%
1827 1837 National Republican
30%
1919* 1944* Farmer-Labor
28%
1893* 1903* Silver
28%
1831* 1839* Nullifier
27%
1825 1827 Anti-Jacksonian
26%
1897* 1903* Silver Republican
19%
1883* 1885* Anti-Monopoly
17%
1843* 1845* Law and Order
17%
1855 1861 Opposition
14%
1836* 1853* States' Rights
12%
1867* 1869* Conservative Republican
8%
No matching quizzes found
Score Distribution
Percent of People with Each Score
Percentile by Number Answered
Your Score History
You have not taken this quiz